Human resource management in Australia:strategy, people, performance / (Record no. 2095)

000 -LEADER
fixed length control field 00970cam a22003014a 4500
001 - CONTROL NUMBER
control field 13018564
003 - CONTROL NUMBER IDENTIFIER
control field OSt
005 - DATE AND TIME OF LATEST TRANSACTION
control field 20160527095438.0
008 - FIXED-LENGTH DATA ELEMENTS--GENERAL INFORMATION
fixed length control field 021203s2003 at a b 001 0 eng
010 ## - LIBRARY OF CONGRESS CONTROL NUMBER
LC control number 2002489353
020 ## - INTERNATIONAL STANDARD BOOK NUMBER
International Standard Book Number 9780070287112
040 ## - CATALOGING SOURCE
Original cataloging agency DLC
Transcribing agency DLC
Modifying agency DLC
042 ## - AUTHENTICATION CODE
Authentication code pcc
043 ## - GEOGRAPHIC AREA CODE
Geographic area code u-at---
050 00 - LIBRARY OF CONGRESS CALL NUMBER
Classification number HF5549.2.D43 2011
082 00 - DEWEY DECIMAL CLASSIFICATION NUMBER
Classification number 658.3/00994
Edition number 21
100 1# - MAIN ENTRY--PERSONAL NAME
Personal name De Cieri, Helen.
245 10 - TITLE STATEMENT
Title Human resource management in Australia:strategy, people, performance /
Statement of responsibility, etc De Cieri, Kramar ... [et al.].
250 ## - EDITION STATEMENT
Edition statement 4th ed.
260 ## - PUBLICATION, DISTRIBUTION, ETC. (IMPRINT)
Place of publication, distribution, etc Boston ;
-- Sydney :
Name of publisher, distributor, etc McGraw-Hill,
Date of publication, distribution, etc 2011.
300 ## - PHYSICAL DESCRIPTION
Extent xxxi, 621 p. :
Other physical details ill. ;
Dimensions 25 cm.
504 ## - BIBLIOGRAPHY, ETC. NOTE
Bibliography, etc Includes bibliographical references and index.
650 #0 - SUBJECT ADDED ENTRY--TOPICAL TERM
Topical term or geographic name as entry element Personnel management
Geographic subdivision Australia.
700 1# - ADDED ENTRY--PERSONAL NAME
Personal name Kramar, Robin.
906 ## - LOCAL DATA ELEMENT F, LDF (RLIN)
a 7
b cbc
c orignew
d 3
e ncip
f 20
g y-gencatlg
942 ## - ADDED ENTRY ELEMENTS (KOHA)
Source of classification or shelving scheme
Koha item type Book
Holdings
Withdrawn status Lost status Source of classification or shelving scheme Damaged status Not for loan Home library Current library Shelving location Date acquired Total Checkouts Full call number Barcode Date last seen Date checked out Copy number Price effective from Koha item type
          Riara University Library Riara University Library General stack 27/05/2016 2 HF 5549.2 D43 2011 6998/16 28/10/2016 07/10/2016 C.1 27/05/2016 Book

Riara University Library,
P.O. Box 49940-00100,
Nairobi, Kenya.